| 000 | 00774nac a22002051u 4500 | ||
|---|---|---|---|
| 010 | _a 00687234 | ||
| 020 | _a0814404464 | ||
| 082 |
_a332.6322 _bB8356 |
||
| 090 |
_c2123 _d2123 |
||
| 100 | _a20080729 | ||
| 245 | 0 | 0 |
_aGlobal equity selection strategies / _cRoss Paul Bruner, editor. |
| 260 |
_aChicago : _bGlenlake Pub. Co. ; _aNew York : AMACOM,1998 _c1998. |
||
| 300 |
_axii, 265 p. : _bill. ; _c24 cm. |
||
| 504 | _aIncludes bibliographical references and index. | ||
| 650 | 0 | _aInvestments, Foreign. | |
| 650 | 0 | _aPortfolio management. | |
| 700 | 1 | _aBruner, Ross Paul. | |
| 942 |
_cBB _k332.6322B8356 |
||
| 999 |
_c2123 _d2123 |
||